Statistiques concernant Tous les crocodiles de Animal Crossing

Cliquez ici pour prendre le quiz!

Statistiques générales

  • Ce quiz a été pris 18 fois
  • Le résultat moyen est 4 sur 7

Statistiques - réponses

Crocodiles% Correct
Alphonse
87%
Croco
73%
Drago
73%
Allie
60%
Odile
53%
Chuck
40%
Hector
40%

Distribution des résultats

Percentile par nombre de réponses

% des personnes avec chaque résultat

Votre développement - résultats

Vous n’avez pas pris ce quiz